Effect of weeds management on the yield of phkarumchek rice variety ឥទ្ធិពលនៃការគ្រប់គ្រងស្មៅចង្រៃទៅលើទិន្នផលពូជស្រូវផ្ការំចេក (Record no. 1172)

000 -LEADER
fixed length control field 00606nam a22001577a 4500
003 - CONTROL NUMBER IDENTIFIER
control field OSt
005 - DATE AND TIME OF LATEST TRANSACTION
control field 20150924093824.0
008 - FIXED-LENGTH DATA ELEMENTS--GENERAL INFORMATION
fixed length control field 150924b xxu||||| |||| 00| 0 eng d
040 ## - CATALOGING SOURCE
Transcribing agency RUA
082 ## - DEWEY DECIMAL CLASSIFICATION NUMBER
Classification number AGR BUN 2012 B051 Or.1
100 ## - MAIN ENTRY--PERSONAL NAME
9 (RLIN) 1233
Personal name BUN, RATANA.
245 ## - TITLE STATEMENT
Title Effect of weeds management on the yield of phkarumchek rice variety ឥទ្ធិពលនៃការគ្រប់គ្រងស្មៅចង្រៃទៅលើទិន្នផលពូជស្រូវផ្ការំចេក
260 ## - PUBLICATION, DISTRIBUTION, ETC. (IMPRINT)
Place of publication, distribution, etc. Phnom Penh
Name of publisher, distributor, etc. RUA
Date of publication, distribution, etc. 2012
300 ## - PHYSICAL DESCRIPTION
Extent xii; 62p.
Other physical details ill.
Dimensions 29cm.
942 ## - ADDED ENTRY ELEMENTS (KOHA)
Source of classification or shelving scheme
Koha item type AGR
Holdings
Price effective from Date last seen Permanent Location Not for loan Date acquired Source of classification or shelving scheme Koha item type Lost status Withdrawn status Total Renewals Date last checked out Total Checkouts Shelving location Damaged status Barcode Current Location Full call number
2015-09-242015-09-24Library Block B 2015-09-24 AGR     B051 RUA001060Library Block BAGR BUN 2012 B051 Or.1
2015-09-242023-03-14Library Block B 2015-09-24 AGR   2023-02-273B051 RUA001059Library Block BAGR BUN 2012 B051 Or.2
2015-09-242015-09-24Library Block B 2015-09-24 AGR     B051 RUA001058Library Block BAGR BUN 2012 B051 Or.3
2015-09-252015-09-25Library Block B 2015-09-25 AGR     B051 RUA005832Library Block BAGR BUN 2012 B051 Or.4
2015-09-252025-10-06Library Block B 2015-09-25 AGR  12025-07-023  RUA005804Library Block BAGR BUN 2012 B051 Or.5
2015-09-252015-09-25Library Block B 2015-09-25 AGR       RUA015880Library Block BAGR BUN 2012 B051 Or.6
មជ្ឈមណ្ឌលឯការនៃសាកលវិទ្យាល័យភូមិន្ទកសិកម្មចំការដូង

Powered by Koha